00810nam a2200253 i 4500001000300000100001700003245007700020260003700097300003900134504001200173630003300185655001800218700002400236020001500260040000800275041001100283080002000294920001800314942000700332008004100339999001700380856009800397952006100495bg1 aLEMAY, Laura10aJava 1.1 /cLaura Lemay, Charles L. Perkins ; [tł. z ang. Piotr Rajca]. aGliwice :b"Helion",ccop. 1998. a826 s. :brys. ;c24 cm +eCD-ROM. aIndeks.09aJava (język programowania) aPodręczniki1 aPERKINS, Charles L. a8386718560 cBPK1 aplhen a004.438(07)Java a83-86718-56-0 cKS s pl f |000 0 pol  c33230d33230 uhttp://koha.tu.koszalin.pl/cgi-bin/koha/opac-detail.pl?biblionumber=33230yKatalog online BPK 00104070aBPKbBPKcwo43155p01339987q2027-05-09yKS